| 000 | 00519nam a2200217Ia 4500 | ||
|---|---|---|---|
| 008 | 170918s9999 xx 000 0 und d | ||
| 020 | _a9781442416871 | ||
| 050 | _bC591 2012 | ||
| 100 | _aClare, Cassandra | ||
| 245 | _aCity of lost souls / | ||
| 245 | _cby Cassandra Clare. | ||
| 250 | _aFirst edition | ||
| 260 | _aUSA : | ||
| 260 | _bMcElderry Books, | ||
| 260 | _c2012 | ||
| 300 | _a535 pages : | ||
| 300 | _billustrations ; | ||
| 300 | _c20cm. | ||
| 300 | _eThe mortal instruments ; | ||
| 440 | _a5 | ||
| 999 |
_c343610 _d343610 |
||